Shakespeare: Name Any Character Quiz Stats

 Plays Quiz Updated Dec 8, 2015

Also try: Shakespeare Plays
Challenge
Share
Tweet
Embed
Score 0/38 Timer 10:00
1 Play Today
Play Characters % Correct
Julius CaesarCalpurnia, Cicero...
88.4%
A Midsummer Night's DreamHippolyta, Philostrate...
86.2%
Romeo and JulietParis, Tybalt, Mercutio...
84%
HamletClaudius, Gertrude, Polonius...
82%
OthelloDesdemona, Iago, Cassio...
80.8%
MacbethDuncan, Malcolm, Banquo...
78.8%
The Merchant of VeniceAntonio, Portia, Shylock...
65.2%
King LearGoneril, Cordelia, Regan...
64.3%
The TempestProspero, Miranda, Ariel...
63.9%
The Taming of the ShrewBianca, Petruchio, Kate...
61%
Twelfth NightViola, Orsino, Olivia...
54.6%
Henry IV, Part 1Walter Blunt, Henry Percy, Poins...
50.9%
Much Ado About NothingDon Pedro, Benedick, Beatrice...
50.8%
Henry IV, Part 2...
50.5%
Henry VIIICapachius, Thomas Lovell, Cardinal Wolsey...
47.8%
The Merry Wives of WindsorBardolph, Pistol, Nym...
43.6%
Richard IIIAnne Neville, Queen Margaret...
42%
Richard IIThomas Mowbray, Bushy, John of Gaunt...
41.3%
As You Like ItRosalind, Touchstone, Frederick...
35.4%
Play Characters % Correct
Henry VI, Part 2Jack Cade...
33.9%
Henry VI, Part 1Duke of Bedford, John Talbot, Richard Plantagenet...
33%
Henry VMacmorris, Jamy, Thomas Grey...
29.9%
Henry VI, Part 3William Stanley, Hugh Mortimer, Somerville...
29.8%
The Winter's TaleLeontes, Hermione, Perdita...
27%
King JohnBlanche, Henry, Eleanor...
26.9%
Two Gentlemen of VeronaValentine, Proteus, Silvia...
25.5%
Antony and CleopatraOctavian, Lepidus, Sextus Pompey...
24.2%
Troilus and CressidaPriam, Cassandra, Hector...
21.1%
Titus AndronicusQuintus, Martius, Publius...
20.3%
Measure for MeasureIsabella, Claudio, Angelo...
19.9%
The Comedy of ErrorsSolinus, Emilia, Egeon...
17.4%
Love's Labour's LostFerdinand, Lord Berowne, Moth...
13.8%
All's Well That Ends WellBertram, Helena, Lavatch...
13.3%
CymbelineImogen, Belarius, Cloten...
13.2%
CoriolanusVirgilia, Volumnia, Menenius Agrippa...
11.3%
Pericles, Prince of TyreAntiochus, Helicanus, Cleon...
8.4%
The Two Noble KinsmenPalamon, Theseus, Arcite...
6.5%
Timon of AthensAlcibiades, Apemantus, Flaminius...
5.5%

You're not logged in!

Compare scores with friends on all Sporcle quizzes.
Join for Free
OR
Log In

You Might Also Like...

Show Comments

Extras

Top Quizzes Today


Score Distribution

Your Account Isn't Verified!

In order to create a playlist on Sporcle, you need to verify the email address you used during registration. Go to your Sporcle Settings to finish the process.

Report this User

Report this user for behavior that violates our Community Guidelines.

Details: